[Event "PRO League Group Stage"]
[Site "chess.com INT"]
[Date "2020.01.09"]
[Round "1"]
[White "Piorun, Kacper"]
[Black "Bacrot, Etienne"]
[Result "1-0"]
[WhiteTitle "GM"]
[BlackTitle "GM"]
[WhiteElo "2611"]
[BlackElo "2679"]
[WhiteTeam "Poland Hussars"]
[BlackTeam "France Roosters"]
[WhiteFideId "1130420"]
[BlackFideId "605506"]
[EventDate "2020.01.06"]

1. d4 Nf6 2. c4 e6 3. Nc3 d5 4. cxd5 exd5 5. Bg5 Be7 6. e3 c6 7. Bd3 Nbd7 8. Qc2
h6 9. Bh4 Nh5 10. Bxe7 Qxe7 11. Nge2 Nb6 12. h3 Nf6 13. O-O-O Be6 14. Kb1 O-O-O
15. Nc1 Rhe8 16. Nb3 Ne4 17. Bxe4 dxe4 18. Nc5 f5 19. Ka1 Kb8 20. a4 Bg8 21. a5
Nc4 22. Qa4 Qc7 23. b4 a6 24. g3 g5 25. Rhg1 Re7 26. Qc2 Bd5 27. Rc1 Rf8 28. Qe2
f4 29. gxf4 gxf4 30. N3a4 Rg7 31. Nb6 Nxb6 32. axb6 Qf7 33. Rxg7 Qxg7 34. Qg4
Qxg4 35. hxg4 Kc8 36. Rh1 fxe3 37. fxe3 Rh8 38. Rh5 Rg8 39. Rxh6 Rxg4 40. Rh7
Rg3 41. Rc7+ 1-0

[Event "PRO League Group Stage"]
[Site "chess.com INT"]
[Date "2020.01.09"]
[Round "1"]
[White "Lagarde, Maxime"]
[Black "Socko, Bartosz"]
[Result "0-1"]
[WhiteTitle "GM"]
[BlackTitle "GM"]
[WhiteElo "2651"]
[BlackElo "2619"]
[WhiteTeam "France Roosters"]
[BlackTeam "Poland Hussars"]
[WhiteFideId "662399"]
[BlackFideId "1107038"]
[EventDate "2020.01.06"]

1. g3 d5 2. Bg2 e5 3. d3 Nc6 4. Nf3 f6 5. O-O Be6 6. Nc3 Qd7 7. e4 d4 8. Nd5
Nge7 9. c4 dxc3 10. Nxc3 O-O-O 11. Be3 Qxd3 12. Qc1 Nd4 13. Bxd4 exd4 14. Na4
Nc6 15. b3 Qb5 16. Nd2 Bb4 17. Rb1 d3 18. a3 Nd4 19. Kh1 Bxd2 20. Qxd2 Nxb3 21.
Rxb3 Bxb3 22. Nc3 Qa5 23. Rb1 Bc2 24. Rb5 Qxa3 25. Bf3 c6 26. Qf4 Qd6 27. e5
fxe5 28. Qf7 Rd7 29. Qa2 cxb5 30. Nxb5 Qc5 31. Nxa7+ Kb8 0-1

[Event "PRO League Group Stage"]
[Site "chess.com INT"]
[Date "2020.01.09"]
[Round "1"]
[White "Gozzoli, Yannick"]
[Black "Bartel, Mateusz"]
[Result "1/2-1/2"]
[WhiteTitle "GM"]
[BlackTitle "GM"]
[WhiteElo "2604"]
[BlackElo "2639"]
[WhiteTeam "France Roosters"]
[BlackTeam "Poland Hussars"]
[WhiteFideId "616915"]
[BlackFideId "1112635"]
[EventDate "2020.01.06"]

1. d4 Nf6 2. c4 e6 3. Nf3 c5 4. d5 b5 5. Bg5 exd5 6. cxd5 h6 7. Bh4 Be7 8. d6
Qa5+ 9. Nbd2 Bxd6 10. Bxf6 gxf6 11. a4 bxa4 12. Rxa4 Qc7 13. g3 Nc6 14. Bg2 Rb8
15. b3 Be7 16. Nh4 Nb4 17. O-O d5 18. Qb1 Be6 19. Rc1 Qd7 20. Qa1 a6 21. Nf1 O-O
22. Ne3 d4 23. Nc4 Rfd8 24. Nf3 Bd5 25. Nfd2 Qe6 26. Bxd5 Rxd5 27. Qb1 Bf8 28.
Re1 Re8 29. e4 Rdd8 30. Ra1 d3 31. Ne3 Qh3 32. Qd1 Bd6 33. Qf3 Be5 34. Rac1 Bd4
35. Nf5 Nc2 1/2-1/2

[Event "PRO League Group Stage"]
[Site "chess.com INT"]
[Date "2020.01.09"]
[Round "1"]
[White "Vachier-Lagrave, Maxime"]
[Black "Piorun, Kacper"]
[Result "0-1"]
[WhiteTitle "GM"]
[BlackTitle "GM"]
[WhiteElo "2770"]
[BlackElo "2611"]
[WhiteTeam "France Roosters"]
[BlackTeam "Poland Hussars"]
[WhiteFideId "623539"]
[BlackFideId "1130420"]
[EventDate "2020.01.06"]

1. d4 Nf6 2. c4 e6 3. Nf3 d5 4. Nc3 Bb4 5. cxd5 exd5 6. Bg5 Qd6 7. Nd2 c6 8. e3
Nbd7 9. Bd3 h6 10. Bf4 Qe7 11. Qc2 Nh5 12. Bg3 Nxg3 13. hxg3 Nf6 14. O-O-O Bg4
15. Rde1 O-O-O 16. a3 Bd6 17. Nb5 Kb8 18. Nxd6 Qxd6 19. f3 Bc8 20. g4 Rhe8 21.
Nb3 Re7 22. Qf2 b6 23. Kb1 Rde8 24. Re2 c5 25. dxc5 bxc5 26. Bb5 Rd8 27. Rc1 Rc7
28. e4 Qb6 29. Rxc5 Rxc5 30. Qxc5 dxe4 31. Qe5+ Qd6 32. Qc3 Qb6 33. Bc4 Rd7 34.
fxe4 Rc7 35. Qg3 Ka8 36. Rc2 Bb7 37. Nd2 Rd7 38. Qf4 Qd4 39. Ka2 Nxe4 40. Nxe4
Qxe4 41. Qf2 Qe7 42. Bb3 Qd8 43. Qc5 f6 44. a4 Kb8 45. Rc4 Rc7 46. Qb4 Rxc4 47.
Bxc4 a5 48. Qb5 Ka7 49. g3 Qc7 50. Be6 Qb6 51. Qc4 Bc6 52. Ka3 Qe3+ 53. b3 Qb6
54. Bf5 Bb7 55. Qc3 Qd6+ 56. Kb2 Qb6 57. Bc2 Qb4 58. Qe3+ Qb6 59. Qe7 Qd4+ 60.
Kb1 Qg1+ 61. Ka2 Qf2 62. Qc7 Ka6 63. Kb2 Qd4+ 64. Kb1 g5 65. Qe7 Qg1+ 66. Kb2
Qd4+ 67. Ka2 Qc3 68. Qd6+ Ka7 69. Kb1 Ba8 70. Qd7+ Bb7 71. Qd8 Qe1+ 72. Kb2 Qe5+
73. Ka2 Qc3 74. Bf5 Qc5 75. Qxf6 Qf2+ 76. Qb2 Qe3 77. Qc2 Kb6 78. Kb2 Qxg3 79.
Qe2 Bc6 80. Qe7 Qf2+ 81. Kc3 Qc5+ 82. Qxc5+ Kxc5 83. Bc8 Bf3 84. Bf5 h5 85. gxh5
Bxh5 86. Be4 Bf7 87. Bf5 Bh5 88. Bd3 Bf3 89. Kd2 Kb4 90. Bc4 g4 91. Ke3 Bd1 92.
Be6 g3 93. Bd7 Kxb3 94. Bc6 Kb4 95. Kf4 Bxa4 96. Be4 Bb3 97. Kxg3 a4 98. Kf2 a3
99. Bb1 Kc3 0-1

[Event "PRO League Group Stage"]
[Site "chess.com INT"]
[Date "2020.01.09"]
[Round "1"]
[White "Bacrot, Etienne"]
[Black "Klekowski, Maciej"]
[Result "1-0"]
[WhiteTitle "GM"]
[BlackTitle "IM"]
[WhiteElo "2679"]
[BlackElo "2515"]
[WhiteTeam "France Roosters"]
[BlackTeam "Poland Hussars"]
[WhiteFideId "605506"]
[BlackFideId "1132717"]
[EventDate "2020.01.06"]

1. e4 c5 2. Nf3 Nc6 3. Nc3 e6 4. d4 cxd4 5. Nxd4 a6 6. Be3 Nf6 7. Nxc6 bxc6 8.
e5 Nd5 9. Nxd5 cxd5 10. Bd4 Qc7 11. Qd2 a5 12. Bd3 Bc5 13. Bxc5 Qxc5 14. O-O O-O
15. a3 Qc7 16. Qe2 d6 17. exd6 Qxd6 18. c4 dxc4 19. Bxh7+ Kxh7 20. Qe4+ g6 21.
Qxa8 Kg7 22. Qxa5 Rh8 23. h3 Bb7 24. Qc3+ f6 25. Qxc4 Ba6 26. Rad1 Bxc4 27. Rxd6
Bxf1 28. Kxf1 Rb8 29. Rxe6 Rxb2 30. Re2 Rb1+ 31. Re1 Rb5 32. a4 Ra5 33. Ra1 f5
34. Ke2 Kf6 35. Kd3 Ke5 36. Kc4 Kd6 37. Kb4 Ra8 38. a5 Rb8+ 39. Kc3 Rc8+ 40. Kd3
Rd8 41. a6 Kc7+ 42. Ke3 Kb8 43. a7+ Ka8 44. Ra6 g5 45. Ra5 Rf8 46. Kf3 Rf7 47.
Kg3 Rf8 48. f4 Rg8 49. fxg5 Rxg5+ 50. Kf3 Rh5 51. Ra4 Rg5 52. h4 Rg7 53. g3 Rg8
54. Ra5 1-0

[Event "PRO League Group Stage"]
[Site "chess.com INT"]
[Date "2020.01.09"]
[Round "1"]
[White "Bartel, Mateusz"]
[Black "Lagarde, Maxime"]
[Result "1/2-1/2"]
[WhiteTitle "GM"]
[BlackTitle "GM"]
[WhiteElo "2639"]
[BlackElo "2651"]
[WhiteTeam "Poland Hussars"]
[BlackTeam "France Roosters"]
[WhiteFideId "1112635"]
[BlackFideId "662399"]
[EventDate "2020.01.06"]

1. d4 Nf6 2. Bg5 d5 3. e3 c5 4. Bxf6 exf6 5. dxc5 Bxc5 6. c3 O-O 7. Bd3 Nc6 8.
Nf3 Bg4 9. O-O Qb6 10. b4 Bd6 11. Nbd2 Rac8 12. Rc1 Rfd8 13. h3 Bh5 14. a3 Bb8
15. Be2 Qc7 16. g3 Re8 17. Qe1 Qd7 18. Kg2 Bg6 19. Nh4 d4 20. cxd4 Nxd4 21. Rxc8
Qxc8 22. exd4 Qe6 23. Nxg6 hxg6 24. Nf3 Qxe2 25. Qxe2 Rxe2 26. Re1 Rxe1 27. Nxe1
f5 28. Kf3 Kf8 29. h4 Ke7 30. Ke3 Ke6 31. f4 f6 32. Ng2 b5 33. Kd3 Bc7 34. Ne3
a6 35. Ng2 g5 36. h5 gxf4 37. gxf4 Bd6 38. Kc3 Kd5 39. Kd3 Ke6 40. Kc3 Bb8 41.
Kd3 Bc7 42. Kc3 a5 43. Kd3 axb4 44. axb4 Bb8 45. Nh4 Bxf4 46. d5+ Kxd5 47. Nxf5
Bh6 48. Nd4 Bd2 49. Nf5 Bxb4 50. Nxg7 Bf8 51. Ne8 Ke5 52. Nc7 b4 53. Na6 Kf5 54.
Nc7 Ke5 55. Nb5 f5 56. Nd4 f4 57. h6 Bxh6 58. Nc6+ Kf5 59. Nxb4 Kg4 60. Ke2 Kg3
61. Kf1 f3 62. Nd3 Bg7 63. Ne1 1/2-1/2

[Event "PRO League Group Stage"]
[Site "chess.com INT"]
[Date "2020.01.09"]
[Round "1"]
[White "Socko, Bartosz"]
[Black "Gozzoli, Yannick"]
[Result "1-0"]
[WhiteTitle "GM"]
[BlackTitle "GM"]
[WhiteElo "2619"]
[BlackElo "2604"]
[WhiteTeam "Poland Hussars"]
[BlackTeam "France Roosters"]
[WhiteFideId "1107038"]
[BlackFideId "616915"]
[EventDate "2020.01.06"]

1. d4 d5 2. c4 c6 3. Nf3 Nf6 4. Nbd2 Bf5 5. g3 e6 6. Bg2 h6 7. O-O Nbd7 8. b3
Bd6 9. Bb2 Qb8 10. Rc1 O-O 11. Re1 Bh7 12. Nh4 Ne4 13. Nxe4 dxe4 14. Bh3 Bb4 15.
Rf1 Qd6 16. Ng2 Nf6 17. Ne3 Rad8 18. c5 Qe7 19. Nc4 Bxc5 20. e3 Rfe8 21. Qe2 Bd6
22. Rfd1 Bf5 23. Bxf5 exf5 24. Qe1 Nd5 25. Qa5 Bb4 26. Ba3 Bxa3 27. Qxa3 Qxa3
28. Nxa3 g5 29. Nc4 Kg7 30. a3 Re6 31. b4 a6 32. Na5 Rd7 33. Nb3 Rg6 34. Nc5 Re7
35. Re1 h5 36. Kf1 h4 37. Kg2 Rh6 38. Rb1 h3+ 39. Kf1 Rd6 40. a4 Kg6 41. a5 Kh5
42. Rb3 Kg4 43. Ke2 Rg6 44. Rg1 Kh5 45. Kd2 f4 46. Re1 fxe3+ 47. fxe3 Rf6 48.
Ke2 Kg4 49. Na4 Rf3 50. Nb2 f5 51. Nc4 f4 52. gxf4 Nxf4+ 53. Kd1 Nd3 54. Re2
Rf1+ 55. Kd2 Nc1 56. Rb1 Nxe2 57. Rxf1 Nf4 58. exf4 gxf4 59. Ne5+ Kg5 60. Rxf4 1-0

[Event "PRO League Group Stage"]
[Site "chess.com INT"]
[Date "2020.01.09"]
[Round "1"]
[White "Socko, Bartosz"]
[Black "Vachier-Lagrave, Maxime"]
[Result "1/2-1/2"]
[WhiteTitle "GM"]
[BlackTitle "GM"]
[WhiteElo "2619"]
[BlackElo "2770"]
[WhiteTeam "Poland Hussars"]
[BlackTeam "France Roosters"]
[WhiteFideId "1107038"]
[BlackFideId "623539"]
[EventDate "2020.01.06"]

1. d4 Nf6 2. c4 g6 3. Nf3 Bg7 4. g3 c6 5. Bg2 d5 6. Nbd2 O-O 7. O-O a5 8. b3 Na6
9. Bb2 Bf5 10. Nh4 Be6 11. e4 dxe4 12. Nxe4 Nxe4 13. Bxe4 Qd7 14. Qd2 Rfd8 15.
Rad1 Bg4 16. Bf3 e5 17. Qg5 Bxf3 18. Nxf3 e4 19. Ne5 Qe6 20. Ng4 h5 21. Ne3 Qd6
22. Ba1 Bf6 23. Qh6 Nb4 24. d5 Bxa1 25. Rxa1 Nd3 26. Rad1 Qf8 27. Qxf8+ Kxf8 28.
f3 Nc5 29. fxe4 Nxe4 30. Rd4 Re8 31. dxc6 bxc6 32. Rd7 Re7 33. Rxe7 Kxe7 34. Rd1
a4 35. b4 Nc3 36. Rd2 a3 37. Rc2 Ne4 38. b5 Kd7 39. Kg2 Rb8 40. Kf3 Ng5+ 41. Kf4
Ne6+ 42. Ke5 cxb5 43. cxb5 Rxb5+ 44. Kf6 Nd8 45. Rc3 Rb6+ 46. Kg7 Rb2 47. Rxa3
Rxh2 48. Nc4 Rf2 49. Rd3+ Ke7 50. a4 Ne6+ 51. Kg8 Rc2 52. Nb6 Nc5 53. Re3+ Kf6
54. Nd5+ Kg5 55. Kxf7 Rf2+ 56. Kg7 Nxa4 57. Ne7 Nb6 58. Nxg6 Nc4 59. Rd3 Rb2 60.
Rd5+ Kg4 61. Rd4+ Kxg3 62. Rxc4 Rb6 63. Nh4 Ra6 64. Nf5+ Kf3 65. Rh4 Rb6 66.
Nd4+ Ke3 67. Nf5+ Kf3 68. Nh6 Rb5 69. Kg6 Kg3 70. Rc4 h4 71. Nf5+ Kf2 72. Rxh4
Ra5 73. Kg5 Ke2 74. Rh3 Kd2 75. Kf4 Ra4+ 76. Ke5 Ra8 77. Nd4 Re8+ 78. Kd5 Rd8+
79. Kc4 Rc8+ 80. Kd5 Rd8+ 81. Ke5 Re8+ 82. Ne6 Ke2 83. Kd5 Kd2 84. Nc5 Rd8+ 85.
Kc4 Ke2 86. Nd3 Rc8+ 87. Kd4 Rd8+ 88. Ke4 Re8+ 89. Ne5 Kd2 90. Rh2+ Kc3 91. Re2
Rd8 92. Re3+ Kc2 93. Rh3 Re8 94. Rg3 Kd2 95. Kd4 Rd8+ 96. Ke4 Re8 97. Ra3 Kc2
98. Rh3 Kd2 99. Kd4 1/2-1/2

[Event "PRO League Group Stage"]
[Site "chess.com INT"]
[Date "2020.01.09"]
[Round "1"]
[White "Bartel, Mateusz"]
[Black "Bacrot, Etienne"]
[Result "1/2-1/2"]
[WhiteTitle "GM"]
[BlackTitle "GM"]
[WhiteElo "2639"]
[BlackElo "2679"]
[WhiteTeam "Poland Hussars"]
[BlackTeam "France Roosters"]
[WhiteFideId "1112635"]
[BlackFideId "605506"]
[EventDate "2020.01.06"]

1. g3 d5 2. Bg2 e5 3. d3 Nc6 4. a3 a5 5. Nf3 h6 6. c4 dxc4 7. Qa4 Bd7 8. Qxc4
Bd6 9. O-O Nf6 10. b3 O-O 11. Bb2 Re8 12. Nbd2 Be6 13. Qc2 Qd7 14. Rfd1 Bh3 15.
Bh1 Rad8 16. Nc4 Ng4 17. d4 e4 18. Nfe5 Qf5 19. e3 Bxe5 20. dxe5 Rd3 21. Rxd3
exd3 22. Qd2 Ngxe5 23. Nxe5 Nxe5 24. f4 Nd7 25. Rd1 Nc5 26. Qc3 f6 27. b4 Qg4
28. Re1 Rd8 29. Bc1 Na4 30. Qxc7 Qd7 31. Qxd7 Rxd7 32. Bd2 Nb2 33. Rc1 Be6 34.
Kf2 Nc4 35. Ke1 Nxa3 36. bxa5 Nc2+ 37. Kf2 Bd5 38. Bxd5+ Rxd5 39. Rb1 Rd7 40.
Rb3 Kf7 41. e4 h5 42. h3 g6 43. g4 1/2-1/2

[Event "PRO League Group Stage"]
[Site "chess.com INT"]
[Date "2020.01.09"]
[Round "1"]
[White "Lagarde, Maxime"]
[Black "Klekowski, Maciej"]
[Result "1-0"]
[WhiteTitle "GM"]
[BlackTitle "IM"]
[WhiteElo "2651"]
[BlackElo "2515"]
[WhiteTeam "France Roosters"]
[BlackTeam "Poland Hussars"]
[WhiteFideId "662399"]
[BlackFideId "1132717"]
[EventDate "2020.01.06"]

1. b3 c5 2. Bb2 Nc6 3. e3 Nf6 4. Bb5 Qb6 5. Nc3 a6 6. Be2 Qc7 7. Nf3 d5 8. O-O
e6 9. d4 cxd4 10. exd4 Bd6 11. h3 b5 12. Bd3 O-O 13. Re1 b4 14. Na4 a5 15. Qe2
Bb7 16. c4 bxc3 17. Nxc3 Qb6 18. Na4 Qa7 19. Rac1 Nb4 20. Bb1 Bf4 21. Rc3 Ne4
22. Bxe4 dxe4 23. Ne5 f5 24. Nc5 Bxe5 25. dxe5 Nd3 26. Nxd3 Ba6 27. Qd2 Bxd3 28.
Rc6 Rae8 29. Rec1 f4 30. Rc7 Qa8 31. Ba3 Rf5 32. R1c6 Qd8 33. Qc3 Qg5 34. Rc8
Rxc8 35. Rxc8+ Kf7 36. Qc7+ Kg6 37. Rg8 Kh6 38. Be7 Qg6 39. Bf6 Rxf6 40. exf6
Qxf6 41. Qd6 f3 42. Rf8 Qg6 43. Qf4+ Qg5 44. Qxg5+ Kxg5 45. gxf3 exf3 46. Rxf3
Bb1 47. a3 e5 48. b4 axb4 49. axb4 Be4 50. Re3 Kf5 51. b5 Bb7 52. Rc3 1-0

[Event "PRO League Group Stage"]
[Site "chess.com INT"]
[Date "2020.01.09"]
[Round "1"]
[White "Gozzoli, Yannick"]
[Black "Piorun, Kacper"]
[Result "1/2-1/2"]
[WhiteTitle "GM"]
[BlackTitle "GM"]
[WhiteElo "2604"]
[BlackElo "2611"]
[WhiteTeam "France Roosters"]
[BlackTeam "Poland Hussars"]
[WhiteFideId "616915"]
[BlackFideId "1130420"]
[EventDate "2020.01.06"]

1. d4 Nf6 2. c4 e6 3. Nf3 d5 4. Nc3 Bb4 5. Bg5 dxc4 6. Qa4+ Nc6 7. e3 Qd5 8.
Bxf6 gxf6 9. Be2 Bxc3+ 10. bxc3 b5 11. Qc2 Bb7 12. a4 a6 13. O-O Ne7 14. axb5
axb5 15. Rxa8+ Bxa8 16. Ra1 O-O 17. Ra7 Qd6 18. Nd2 f5 19. Qa2 Bd5 20. Ra6 c6
21. g3 Ng6 22. Qa5 e5 23. Nf3 e4 24. Ne1 Rb8 25. Nc2 Ne7 26. Nb4 Be6 27. Bf1 Bc8
28. Ra8 Rxa8 29. Qxa8 Kg7 30. Bh3 Be6 31. Qb7 Qd7 32. Qa6 Qc7 33. Kf1 Bc8 34.
Qa8 Qb7 35. Qa5 Be6 36. Qd8 Qd7 37. Qa5 c5 38. Nc2 Qc6 39. dxc5 Qxc5 40. Nd4 Nd5
41. Qxb5 Qxb5 42. Nxb5 Bd7 43. Nd6 Kg6 44. Ke1 Nxc3 45. Nxc4 Be6 46. Na3 Nd5 47.
Nc2 Kf6 48. Nd4 Ke5 49. Kd2 Nf6 50. Ne2 Bd7 51. Nf4 Bb5 52. Kc3 Ba6 53. Kb4 Ng4
54. Bxg4 fxg4 55. Kc5 f5 56. Kc6 Bc4 57. Kd7 Kf6 58. Kd6 h6 59. Nd5+ Kg5 60. Ke5
Bb5 61. Ne7 Bd7 62. Nd5 Bc8 63. Kd6 Bb7 64. Nc7 Bc8 65. Ke7 Kg6 66. Ne8 h5 67.
Nf6 Ba6 68. Nd5 Bc4 69. Nf4+ Kg5 70. Kd6 h4 71. Ke5 hxg3 72. hxg3 Ba6 73. Nd5
Bc8 74. Kd6 Ba6 75. Ke6 Bc4 76. Ke5 Bxd5 77. Kxd5 Kh5 78. Kd4 Kh6 79. Kc4 Kg6
80. Kc5 Kg5 81. Kc6 Kg6 82. Kd5 Kh5 83. Kd6 Kh6 84. Kd7 Kh7 85. Kc6 Kg6 86. Kc5
Kg5 87. Kd4 Kh6 88. Kc4 Kg6 89. Kc5 1/2-1/2

[Event "PRO League Group Stage"]
[Site "chess.com INT"]
[Date "2020.01.09"]
[Round "1"]
[White "Vachier-Lagrave, Maxime"]
[Black "Bartel, Mateusz"]
[Result "1-0"]
[WhiteTitle "GM"]
[BlackTitle "GM"]
[WhiteElo "2770"]
[BlackElo "2639"]
[WhiteTeam "France Roosters"]
[BlackTeam "Poland Hussars"]
[WhiteFideId "623539"]
[BlackFideId "1112635"]
[EventDate "2020.01.06"]

1. g3 e5 2. c4 Nc6 3. Bg2 Bc5 4. Nc3 d6 5. e3 a6 6. Nge2 h5 7. d4 Ba7 8. h3 h4
9. g4 f5 10. g5 Qxg5 11. Rg1 Qe7 12. Nd5 Qf7 13. Qa4 Kf8 14. Bd2 Be6 15. O-O-O
Rc8 16. dxe5 Nxe5 17. Nef4 Bd7 18. Qb3 b5 19. cxb5 Bxb5 20. Bb4 g5 21. a4 Bc4
22. Qc3 c5 23. Ba5 Rh6 24. b3 Bxb3 25. Qxb3 gxf4 26. exf4 Nc6 27. Bc3 Nf6 28.
Qc4 Ne8 29. Qxa6 Qd7 30. Bf1 c4 31. Bxc4 Bxf2 32. Rg8+ 1-0

[Event "PRO League Group Stage"]
[Site "chess.com INT"]
[Date "2020.01.09"]
[Round "1"]
[White "Bacrot, Etienne"]
[Black "Socko, Bartosz"]
[Result "1-0"]
[WhiteTitle "GM"]
[BlackTitle "GM"]
[WhiteElo "2679"]
[BlackElo "2619"]
[WhiteTeam "France Roosters"]
[BlackTeam "Poland Hussars"]
[WhiteFideId "605506"]
[BlackFideId "1107038"]
[EventDate "2020.01.06"]

1. e4 c6 2. Nf3 d5 3. Nc3 Bg4 4. h3 Bxf3 5. Qxf3 e6 6. g3 g6 7. d4 Bg7 8. Be3
Nd7 9. Bg2 Ne7 10. O-O O-O 11. Rad1 Qb6 12. b3 Qa5 13. Bd2 Qa6 14. a4 Bxd4 15.
Bg5 f6 16. Rxd4 fxg5 17. Qg4 c5 18. Rdd1 d4 19. Nb5 Qb6 20. Qxg5 Rae8 21. h4 a6
22. Na3 Qc7 23. f4 Nf6 24. e5 Nfd5 25. Nc4 Nf5 26. h5 Qg7 27. hxg6 Qxg6 28.
Qxg6+ hxg6 29. Rd3 b5 30. axb5 axb5 31. Bxd5 exd5 32. Nd6 Nxd6 33. exd6 Re4 34.
Ra1 Rd8 35. Ra6 c4 36. Rd2 Kf7 37. Rb6 Ke6 38. Rxb5 Kxd6 39. bxc4 dxc4 40. Rg5
Rde8 41. Kf1 R8e6 42. Ra5 Kc6 43. Rd1 Kb6 44. Rd5 Re3 45. R1xd4 c3 46. Rb4+ Kc6
47. Rd3 Re1+ 48. Kf2 R6e2+ 49. Kf3 Rxc2 50. Rc4+ Kb5 51. Rcxc3 Rf1+ 52. Kg4 Re2
53. Kg5 Re6 54. Re3 Rd6 55. Red3 Re6 56. Rd8 Rg1 57. Rb8+ Ka4 58. Rc4+ Ka3 59.
Rc3+ Ka4 60. Rb7 Rd6 61. Kg4 Rgd1 62. Rcb3 Ra6 63. Rb2 Ka3 64. R7b3+ Ka4 65.
Ra2+ Kxb3 66. Rxa6 1-0

[Event "PRO League Group Stage"]
[Site "chess.com INT"]
[Date "2020.01.09"]
[Round "1"]
[White "Piorun, Kacper"]
[Black "Lagarde, Maxime"]
[Result "0-1"]
[WhiteTitle "GM"]
[BlackTitle "GM"]
[WhiteElo "2611"]
[BlackElo "2651"]
[WhiteTeam "Poland Hussars"]
[BlackTeam "France Roosters"]
[WhiteFideId "1130420"]
[BlackFideId "662399"]
[EventDate "2020.01.06"]

1. d4 Nc6 2. e4 e5 3. Nf3 exd4 4. Nxd4 Bb4+ 5. c3 Be7 6. Nf5 g6 7. Ne3 Nf6 8. f3
O-O 9. Be2 Re8 10. c4 Nh5 11. Nc3 Bc5 12. O-O Nf4 13. Kh1 d6 14. Ned5 Nxd5 15.
cxd5 Nd4 16. Be3 Nxe2 17. Qxe2 Bxe3 18. Qxe3 Bd7 19. Qd4 Qe7 20. f4 c5 21. dxc6
Bxc6 22. Rae1 f5 23. Kg1 fxe4 24. f5 Qe5 25. Qxe5 Rxe5 26. fxg6 hxg6 27. Rf6 d5
28. Rxg6+ Kf7 29. Rg4 Rd8 30. b4 a6 31. a4 Rd6 32. b5 axb5 33. axb5 Bd7 34. Rh4
Rf6 35. Rh7+ Ke6 36. Ne2 Kd6 37. Nd4 e3 38. Rh4 Re4 39. Rxe4 dxe4 40. Rxe3 Kd5
41. Nc2 Bxb5 42. Re1 Bd3 43. Ne3+ Kd4 44. g4 b5 45. Nf5+ Kc3 46. Rc1+ Kd2 47.
Ra1 b4 48. Ra2+ Kc3 49. Ne3 Rf3 50. Nd1+ Kd4 51. Rf2 Rxf2 52. Kxf2 b3 53. g5 e3+
54. Ke1 Bc2 55. Nb2 Kc3 56. Na4+ Kb4 57. Nb2 Kc3 58. Na4+ Kd4 59. h4 Bg6 60. Ke2
Bh5+ 61. Ke1 Kc4 62. Nb2+ Kc3 63. Na4+ Kd4 64. Nb2 Ke4 65. Nc4 Kf4 66. Nb2 Kg3
67. g6 Bxg6 68. Ke2 Kf4 69. Nc4 Bh5+ 70. Kd3 e2 71. Kd2 Kf3 72. Ke1 Kf4 73. Kd2
Ke4 74. Nb2 Kd4 75. Nd3 Kc4 76. Nb2+ Kb4 77. Nd3+ Ka3 78. Ke1 b2 0-1

[Event "PRO League Group Stage"]
[Site "chess.com INT"]
[Date "2020.01.09"]
[Round "1"]
[White "Klekowski, Maciej"]
[Black "Gozzoli, Yannick"]
[Result "0-1"]
[WhiteTitle "IM"]
[BlackTitle "GM"]
[WhiteElo "2515"]
[BlackElo "2604"]
[WhiteTeam "Poland Hussars"]
[BlackTeam "France Roosters"]
[WhiteFideId "1132717"]
[BlackFideId "616915"]
[EventDate "2020.01.06"]

1. c4 e5 2. g3 Nf6 3. Nc3 Bb4 4. Bg2 Bxc3 5. bxc3 O-O 6. d3 a6 7. a4 Re8 8. Nh3
c6 9. O-O d5 10. cxd5 cxd5 11. d4 e4 12. Bg5 Nbd7 13. a5 h6 14. Bf4 b5 15. f3
Bb7 16. Nf2 Rc8 17. Qb3 Qe7 18. Qa3 Qxa3 19. Rxa3 Rc4 20. Bd6 Rec8 21. Nd1 Ra4
22. Bh3 Rcc4 23. Kf2 Bc8 24. Ke3 Rxa3 25. Bxa3 Nb8 26. Bg2 exf3 27. Rxf3 Ne4 28.
Kd3 Nc6 29. Rf1 f5 30. Bb2 Be6 31. Ne3 Ra4 32. Nxf5 Ra2 33. Bc1 Nxa5 34. Bxe4
dxe4+ 35. Kxe4 Rxe2+ 36. Ne3 Rxh2 37. d5 Bd7 38. Ke5 Re2 39. Kd6 Bh3 40. Rh1 Nb3
41. Rxh3 Nxc1 42. Nf5 Nd3 43. g4 Ne5 44. Ne7+ Kf7 45. Nc6 Nc4+ 46. Kc5 Rd2 47.
Rf3+ Kg6 48. Ne7+ Kg5 49. Rf7 g6 50. Rg7 Kf6 51. Rh7 h5 52. gxh5 gxh5 53. Ng8+
Kg6 54. Re7 h4 55. Re6+ Kg5 56. Rh6 Ne3 57. d6 Nf5 58. Re6 Rxd6 59. Rxd6 Nxd6
60. Kxd6 h3 0-1

[Event "PRO League Group Stage"]
[Site "chess.com INT"]
[Date "2020.01.13"]
[Round "2"]
[White "Tari, Aryan"]
[Black "Pichot, Alan"]
[Result "1-0"]
[WhiteTitle "GM"]
[BlackTitle "GM"]
[WhiteElo "2635"]
[BlackElo "2606"]
[WhiteTeam "Canada Chessbrahs"]
[BlackTeam "Argentina Krakens"]
[WhiteFideId "1510045"]
[BlackFideId "110973"]
[EventDate "2020.01.06"]

1. Nf3 Nf6 2. g3 g6 3. Bg2 Bg7 4. O-O O-O 5. d4 d6 6. Re1 Nbd7 7. c4 e5 8. Nc3
c6 9. e4 a5 10. b3 exd4 11. Nxd4 Nc5 12. f3 Nfd7 13. Be3 Ne5 14. Qc2 a4 15. Rad1
Qa5 16. h3 axb3 17. axb3 Qb4 18. f4 Ned7 19. Kh2 Ra3 20. Bc1 Ra8 21. Nce2 Re8
22. Bd2 Qb6 23. b4 Na6 24. b5 Nac5 25. bxc6 bxc6 26. Rb1 Qc7 27. e5 dxe5 28. Nb5
cxb5 29. Bxa8 bxc4 30. Bd5 exf4 31. Nxf4 Ne5 32. Rbd1 Bb7 33. Bc3 Bxd5 34. Bxe5
Rxe5 35. Nxd5 Qd8 36. Qxc4 Ne6 37. Nf4 Qb8 38. Nxe6 fxe6 39. Rxe5 Qxe5 40. Qc8+
Bf8 41. Rd2 Qe3 42. Qd7 h5 43. h4 Qe4 44. Rf2 Qa8 45. Qf7+ Kh8 46. Qxf8+ 1-0

[Event "PRO League Group Stage"]
[Site "chess.com INT"]
[Date "2020.01.13"]
[Round "2"]
[White "Perez Ponsa, Federico"]
[Black "Saric, Ivan"]
[Result "1/2-1/2"]
[WhiteTitle "GM"]
[BlackTitle "GM"]
[WhiteElo "2559"]
[BlackElo "2655"]
[WhiteTeam "Argentina Krakens"]
[BlackTeam "Canada Chessbrahs"]
[WhiteFideId "117927"]
[BlackFideId "14508150"]
[EventDate "2020.01.06"]

1. Nf3 d5 2. d4 Nf6 3. Bf4 c5 4. e3 Nc6 5. Nbd2 cxd4 6. exd4 Bf5 7. Bb5 Qb6 8.
c4 dxc4 9. a4 e6 10. O-O Bd3 11. Ne5 Bxf1 12. Qxf1 Rc8 13. Ndxc4 Qxd4 14. Be3
Qd8 15. Bxa7 Nd5 16. a5 Bd6 17. a6 O-O 18. axb7 Nxa7 19. Rxa7 Rxc4 20. Nxc4
Bxh2+ 21. Kxh2 Qb8+ 22. Ne5 Qxa7 23. Bc6 Ne7 24. Qb5 Qb8 25. f4 f6 26. Nd3 Qd6
27. Bf3 Rb8 28. g3 Nd5 29. Nc5 Qc7 30. Nxe6 Qxb7 31. Qxb7 Rxb7 32. Bxd5 Rxb2+
33. Kh3 g6 34. Nc7+ Kf8 35. Bg2 Re2 36. Nd5 Kg7 37. Nc3 Re3 38. Nd5 Re1 39. Bf3
f5 40. Kg2 h6 41. Kf2 Ra1 42. Ne3 Ra2+ 43. Kf1 Ra3 44. Kf2 Ra2+ 45. Be2 Rb2 46.
Kf3 Rb3 47. Bc4 Ra3 48. Kf2 Rc3 49. Be2 Ra3 50. Bc4 Rc3 51. Be2 Ra3 52. Bc4 1/2-1/2